Famosos #4 - Statistics

Estatísticas Gerais
  • Esse quiz foi jogado 112 vezes
  • A pontuação média é 7 de 15
Estatísticas das Respostas
Imagem Resposta % Correto
Jennifer Lopez
76%
Robert Pattinson
75%
Nicolas Cage
70%
Anne Hathaway
66%
Sylvester Stallone
64%
Hugh Jackman
63%
Mariah Carey
55%
Eddie Murphy
52%
John Travolta
49%
Christian Bale
36%
Jessica Alba
34%
Anya Taylor-Joy
31%
Anna Kendrick
29%
Tilda Swinton
23%
Mackenzie Foy
7%
Nenhum quiz correspondente encontrado
Distribuição das Pontuações
Porcentagem de Pessoas com Cada Pontuação
Percentil de Números Respondidos
Sua Pontuação Histórica
Você não jogou esse quiz